000 00307nam a22001337a 4500
008 170728b xxu||||| |||| 00| 0 eng d
020 _a9780538691550
041 _aeng
080 _a004
100 _a31
101 _aSHK
245 _aKEYBOARDING& INFORMATION PROCESSING
_cROBINSON,J,W
942 _2udc
_cBK
999 _c22072
_d22072